000
00200nam a22000857a 4500
001
1243141
005
20251016104048.0
245
_a
HADİ AMA BABA
_c
CHRISTINE NÖSTLINGER
260
_b
GÜNIŞIĞI YAYINLARI
999
_c
1243141
_d
1243141